[Event "World Amateur-ch"]
[Site "Iasi"]
[Date "2013.04.25"]
[Round "4"]
[White "Orak, Ersin"]
[Black "Dumitrascu, Grigore"]
[Result "1-0"]
[WhiteElo "1953"]
[BlackElo "1788"]
[PlyCount "87"]
[EventDate "2013.04.22"]
[EventType "swiss"]
[EventRounds "9"]
[EventCountry "ROU"]
[SourceTitle "CBM 154 Extra"]
[Source "ChessBase"]
[SourceDate "2013.06.25"]
[SourceVersion "2"]
[SourceVersionDate "2013.06.25"]
[SourceQuality "1"]

1. e4 c5 2. Nf3 d6 3. d4 cxd4 4. Nxd4 Nf6 5. Nc3 a6 6. Be3 e5 7. Nb3 Be6 8. Qd2 Be7 9. f3 b5 10. 0-0-0 0-0 11. g4 b4 12. Nd5 Bxd5 13. exd5 a5 14. Kb1 Nbd7 15. g5 Nh5 16. Bd3 g6 17. Bb5 Nb6 18. Qf2 Nd7 19. Bc6 a4 20. Nd2 Ra5 21. Nc4 Rc5 22. Bxc5 Nxc5 23. h4 Nf4 24. Nd2 b3 25. axb3 axb3 26. Nxb3 Nxb3 27. cxb3 Qa5 28. Qd2 Qa7 29. Rde1 Rb8 30. Qe3 Rb6 31. Qc3 Bd8 32. Re4 Qb8 33. b4 Bc7 34. Rxf4 exf4 35. Re1 Rxc6 36. Qxc6 Bd8 37. Re8+ Kg7 38. Qc3+ f6 39. gxf6+ Kf7 40. Rh8 Qb6 41. Rxh7+ Kf8 42. Qc8 Qg1+ 43. Ka2 Qa7+ 44. Rxa7 1-0

[Event "World Amateur-ch"]
[Site "Antalya"]
[Date "2011.10.09"]
[Round "8"]
[White "Orak, Ersin"]
[Black "Hasan, Maamoon"]
[Result "1-0"]
[WhiteElo "1961"]
[BlackElo "1998"]
[PlyCount "59"]
[EventDate "2011.10.01"]
[EventType "swiss"]
[EventRounds "9"]
[EventCountry "TUR"]
[SourceTitle "CBM 144 Extra"]
[Source "ChessBase"]
[SourceDate "2011.10.28"]
[SourceVersion "1"]
[SourceVersionDate "2011.10.28"]
[SourceQuality "1"]

1. e4 d5 2. exd5 Nf6 3. d4 Qxd5 4. Nc3 Qa5 5. Bd2 Bg4 6. Nf3 Qh5 7. Be2 Nc6 8. h3 0-0-0 9. 0-0 Nxd4 10. Nxd4 Rxd4 11. hxg4 Nxg4 12. Bxg4+ Rxg4 13. Qf3 e6 14. Ne2 Bd6 15. Ng3 Qg6 16. Rae1 h5 17. Ne4 Be7 18. b4 h4 19. Nc5 Bxc5 20. bxc5 f5 21. Rb1 c6 22. Rxb7 e5 23. Rfb1 e4 24. Rb8+ Kd7 25. R1b7+ Ke6 26. Qb3+ Kf6 27. Bc3+ Kg5 28. Rxh8 Rxg2+ 29. Kxg2 Kf4+ 30. Kf1 1-0

[Event "World Amateur-ch"]
[Site "Antalya"]
[Date "2011.10.04"]
[Round "4"]
[White "Orak, Ersin"]
[Black "Akshat, Chandra"]
[Result "0-1"]
[WhiteElo "1961"]
[BlackElo "1995"]
[PlyCount "106"]
[EventDate "2011.10.01"]
[EventType "swiss"]
[EventRounds "9"]
[EventCountry "TUR"]
[SourceTitle "CBM 144 Extra"]
[Source "ChessBase"]
[SourceDate "2011.10.28"]
[SourceVersion "1"]
[SourceVersionDate "2011.10.28"]
[SourceQuality "1"]

1. b3 e5 2. Bb2 Nc6 3. e3 Nf6 4. Bb5 Bd6 5. Na3 a6 6. Bxc6 dxc6 7. Nc4 Qe7 8. d4 e4 9. Ne2 0-0 10. Nxd6 cxd6 11. Nf4 Nd5 12. Nxd5 cxd5 13. Rc1 Qg5 14. g3 Bg4 15. h4 Qf5 16. Qd2 Rac8 17. a4 b5 18. a5 b4 19. Rh2 Qf3 20. Kf1 Rc6 21. Kg1 Rfc8 22. Rg2 Qe2 23. f4 Qb5 24. Kh2 Qxa5 25. Ra1 Qb5 26. Rf2 h5 27. Qc1 Be2 28. c4 bxc3 29. Ba3 Bf3 30. Qc2 Bg4 31. Bc1 Qd3 32. Qa2 c2 33. Qa5 Qxb3 34. Ra3 Qb7 35. Ra2 Qb5 36. Qe1 Rc4 37. Ra5 Qc6 38. Ra2 Rb8 39. Qa5 Ra8 40. Rb2 Ra4 41. Qd2 Bd1 42. Rb3 a5 43. Rc3 Rc4 44. Ra3 a4 45. Ra2 Rc3 46. Bb2 Rd3 47. Qc1 a3 48. Ba1 Qc4 49. Raxc2 Bxc2 50. Rxc2 Qa6 51. Rc6 Rd2+ 52. Kh3 Qe2 53. Rc8+ Kh7 0-1

[Event "Istanbul op-B 10th"]
[Site "Istanbul"]
[Date "2011.09.18"]
[Round "9"]
[White "Camci, Ali Ammar"]
[Black "Orak, Ersin"]
[Result "1-0"]
[WhiteElo "1962"]
[BlackElo "1965"]
[PlyCount "80"]
[EventDate "2011.09.12"]
[EventType "swiss"]
[EventRounds "9"]
[EventCountry "TUR"]
[SourceTitle "CBM 144 Extra"]
[Source "ChessBase"]
[SourceDate "2011.10.28"]
[SourceVersion "1"]
[SourceVersionDate "2011.10.28"]
[SourceQuality "1"]

1. f4 e6 2. Nf3 f5 3. b3 Be7 4. Bb2 Nf6 5. g3 d6 6. Bg2 Nc6 7. 0-0 0-0 8. d3 Qe8 9. Nc3 e5 10. Nb5 Bd8 11. e3 a6 12. Na3 Ng4 13. Qd2 e4 14. dxe4 fxe4 15. Ng5 Bxg5 16. fxg5 Bf5 17. Qd5+ Qe6 18. Rxf5 Qxd5 19. Rxd5 Nxe3 20. Rd2 Rae8 21. Re1 Nxg2 22. Kxg2 Rf5 23. Nc4 Rxg5 24. Ne3 Ne5 25. Bxe5 Rgxe5 26. Rd5 Rxd5 27. Nxd5 c6 28. Nf4 g5 29. Nh3 h6 30. Kf2 d5 31. Ke3 c5 32. c3 Rf8 33. Ng1 Kg7 34. Rd1 Rf5 35. c4 d4+ 36. Kxe4 Rf2 37. Kd5 Rxa2 38. Kxc5 Rxh2 39. Nf3 Rg2 40. Nxd4 Rxg3 1-0

[Event "TUR-chT2"]
[Site "Konya"]
[Date "2011.07.05"]
[Round "2"]
[White "Orak, Ersin"]
[Black "Yalim, Suleyman"]
[Result "0-1"]
[WhiteElo "1962"]
[BlackElo "2129"]
[PlyCount "96"]
[EventDate "2011.07.04"]
[EventType "team-swiss"]
[EventRounds "9"]
[EventCountry "TUR"]
[SourceTitle "CBM 143 Extra"]
[Source "ChessBase"]
[SourceDate "2011.08.29"]
[SourceVersion "1"]
[SourceVersionDate "2011.08.29"]
[SourceQuality "1"]
[WhiteTeam "Kocaeli Buyuksehir Kagit"]
[BlackTeam "Kahramanmaras Belediye"]
[WhiteTeamCountry "TUR"]
[BlackTeamCountry "TUR"]

1. b3 d5 2. Bb2 Nf6 3. f4 c5 4. e3 Nc6 5. Bb5 Qb6 6. Bxc6+ bxc6 7. d3 c4 8. dxc4 Ng4 9. Qe2 Nxe3 10. Nf3 Bg4 11. Bd4 Nxg2+ 12. Qxg2 Bxf3 13. Qxf3 Qxd4 14. c3 Qb6 15. Nd2 e6 16. 0-0-0 g6 17. Rhe1 Bg7 18. f5 gxf5 19. Qxf5 0-0 20. Qh3 Qa5 21. Rg1 Qc7 22. Nf3 Qf4+ 23. Rd2 Qe3 24. Qg3 Qxc3+ 25. Kd1 Kh8 26. Rdg2 Bf6 27. Nd2 Qxg3 28. Rxg3 Rg8 29. cxd5 cxd5 30. Rf1 Rxg3 31. hxg3 Kg7 32. Rf3 Rc8 33. b4 e5 34. a4 e4 35. Rb3 Re8 36. Ke2 d4 37. b5 d3+ 38. Kd1 Bg5 39. Nf1 Rc8 40. Ke1 Rc1+ 41. Kf2 Rc2+ 42. Ke1 Re2+ 43. Kd1 Rf2 44. Ke1 d2+ 45. Nxd2 Rxd2 46. a5 Rd7 47. b6 axb6 48. Rxb6 Bd2+ 0-1

[Event "Istanbul op 9th"]
[Site "Istanbul"]
[Date "2010.08.22"]
[Round "2"]
[White "Bigaliev, Renat Damirovich"]
[Black "Orak, Ersin"]
[Result "1-0"]
[WhiteElo "2412"]
[BlackElo "1936"]
[PlyCount "67"]
[EventDate "2010.08.21"]
[EventType "swiss"]
[EventRounds "9"]
[EventCountry "TUR"]
[SourceTitle "CBM 138 Extra"]
[Source "ChessBase"]
[SourceDate "2010.10.29"]
[SourceVersion "1"]
[SourceVersionDate "2010.10.29"]
[SourceQuality "1"]

1. e4 e6 2. d4 d5 3. Nc3 Bb4 4. e5 c5 5. a3 Bxc3+ 6. bxc3 Qa5 7. Bd2 Qa4 8. Nf3 Nc6 9. dxc5 f6 10. Nd4 Nxd4 11. cxd4 Qxd4 12. Bb5+ Kf7 13. 0-0 a6 14. Bd3 f5 15. Be3 Qxe5 16. Qh5+ g6 17. Qh4 Qf6 18. Bg5 Qc3 19. Rfe1 h6 20. Bf4 Qxc5 21. Be5 Rh7 22. c4 Qe7 23. Qg3 Nf6 24. cxd5 Nxd5 25. Bc4 Nf6 26. Rad1 Ne4 27. Rxe4 fxe4 28. Qf4+ Ke8 29. Qxe4 Bd7 30. Qxg6+ Qf7 31. Bd3 Ba4 32. Rc1 Bc2 33. Bxc2 Rc8 34. Ba4+ 1-0

[Event "TUR-ch op"]
[Site "Antalya"]
[Date "2008.02.09"]
[Round "10.33"]
[White "Orak, Ersin"]
[Black "Basaran, Cahit"]
[Result "0-1"]
[WhiteElo "1939"]
[BlackElo "1927"]
[PlyCount "58"]
[EventDate "2008.02.04"]
[EventType "swiss"]
[EventRounds "11"]
[EventCountry "TUR"]
[SourceTitle "CBM 122 Extra"]
[Source "ChessBase"]
[SourceDate "2008.03.04"]
[SourceVersion "1"]
[SourceVersionDate "2008.03.04"]
[SourceQuality "1"]

1. e4 e5 2. f4 d6 3. Nf3 Nc6 4. Bc4 Be7 5. 0-0 Nf6 6. Nc3 0-0 7. f5 Nxe4 8. Nxe4 d5 9. f6 gxf6 10. Bd3 dxe4 11. Bxe4 f5 12. Bxc6 bxc6 13. d4 e4 14. Ne5 Bf6 15. Bf4 Bxe5 16. Bxe5 f6 17. Bf4 Qe7 18. c4 Rd8 19. b3 Be6 20. Be3 c5 21. d5 c6 22. d6 Qxd6 23. Qh5 Qe7 24. Qh4 Kh8 25. Bxc5 Qxc5+ 26. Kh1 Qe7 27. g4 fxg4 28. Rae1 Rf8 29. Rxe4 Bd5 0-1

[Event "TUR-ch op"]
[Site "Antalya"]
[Date "2008.02.06"]
[Round "5.14"]
[White "Ertan, Can"]
[Black "Orak, Ersin"]
[Result "1/2-1/2"]
[WhiteElo "2146"]
[BlackElo "1939"]
[PlyCount "119"]
[EventDate "2008.02.04"]
[EventType "swiss"]
[EventRounds "11"]
[EventCountry "TUR"]
[SourceTitle "CBM 122 Extra"]
[Source "ChessBase"]
[SourceDate "2008.03.04"]
[SourceVersion "1"]
[SourceVersionDate "2008.03.04"]
[SourceQuality "1"]

1. e4 c5 2. Nf3 d6 3. c3 f5 4. e5 g6 5. d4 cxd4 6. cxd4 Bg7 7. Bf4 dxe5 8. Nxe5 Qb6 9. Nc3 Nd7 10. Bb5 Ngf6 11. Qa4 a6 12. Bxd7+ Bxd7 13. Nxd7 Nxd7 14. 0-0-0 Rc8 15. Rhe1 Qc6 16. Qb3 b5 17. Kb1 Bf6 18. Nd5 Qc4 19. Bd6 Qxb3 20. Nxf6+ Nxf6 21. Rxe7+ Kd8 22. axb3 Ne4 23. Ba3 a5 24. f3 b4 25. Re6 Ng5 26. Rf6 Ke7 27. Ra6 Ra8 28. Re1+ Kf7 29. Rb6 Rhe8 30. Rb7+ Kf6 31. Rb6+ Kg7 32. Rb7+ Nf7 33. Rc1 Rac8 34. Rxc8 Rxc8 35. Bxb4 axb4 36. Rxb4 Rc7 37. Rc4 Rb7 38. Kc2 Nd6 39. Rc6 Nb5 40. Kd3 Rd7 41. Rc4 f4 42. Rb4 Nd6 43. Ra4 g5 44. Ra5 Kf6 45. Rd5 Ke6 46. Re5+ Kf6 47. Rd5 h6 48. b4 Ke7 49. h4 gxh4 50. Rh5 Kf6 51. Rxh4 Kg5 52. Rg4+ Kf5 53. Rh4 Nf7 54. Rh5+ Ke6 55. Ke4 Ng5+ 56. Kxf4 Rxd4+ 57. Ke3 Rxb4 58. Rxh6+ Kf7 59. Rd6 Rxb2 60. Rd2 1/2-1/2